Statistics for US States with Double Letters - By Double Letter

Click here to take the quiz!

General Stats

  • This quiz has been taken 154 times
  • The average score is 6 of 9

Answer Stats

State % Correct
Mississippi
93%
Tennessee
88%
Hawaii
77%
Illinois
70%
Minnesota
67%
Missouri
67%
Massachusetts
64%
Connecticut
60%
Pennsylvania
58%

Score Distribution

Percentile by Number Answered

Percent of People with Each Score

Your Score History

You have not taken this quiz